000 00600nam a2200193Ia 4500
003 PILC
005 20160321090702.0
008 140609s9999 xx 000 0 und d
020 _a9789231042317
050 _aG 153.4
_b.W927 2011
245 4 _aThe world's heritage :
_bthe bestselling guide to the most extraordinary places.
250 _aUpdated 2nd edition.
260 _aParis ; Glasgow :
_bUNESCO ; HarperCollins,
_c2011.
300 _a872 pages :
_bcolor illustrations ;
_c21 cm.
500 _aIncludes index.
650 _aHistoric buildings.
942 _kFOR
_cBK
_2lcc
999 _c118013
_d118013